[Event "Madrid 2019-2020 ch - Previa A"]
[Site "Madrid ESP"]
[Date "2020.02.11"]
[Round "5.30"]
[White "Lucia Carpintero, Oscar"]
[Black "Enriquez Pastor, Jorge"]
[Result "1-0"]
[WhiteElo "1655"]
[BlackElo "1513"]
[PlyCount "107"]
[EventDate "2020.02.03"]
[EventType "swiss"]
[EventRounds "9"]
[EventCountry "ESP"]
[SourceTitle "Ajedrez en Madrid"]
[Source "lmi"]
[SourceDate "2020.02.03"]
[SourceVersion "1"]
[SourceVersionDate "2020.02.27"]
[SourceQuality "1"]

1. d4 e6 2. Bf4 d5 3. e3 Bd6 4. c3 c5 5. Bg3 Nf6 6. Nd2 Nc6 7. Ngf3 b6 8. Bd3
c4 9. Bc2 O-O 10. Ne5 Bb7 11. O-O Qc7 12. Ndf3 Ne7 13. Re1 b5 14. Nd2 Nf5 15.
Bf4 Ne4 16. g4 Ne7 17. Nxe4 dxe4 18. g5 Nf5 19. Qg4 g6 20. h4 Ng7 21. Bh2 f5
22. gxf6 Rxf6 23. Bxe4 Bxe4 24. Qxe4 Raf8 25. f4 Rf5 26. Re2 Be7 27. Bg3 Rh5
28. Rh2 Nf5 29. Kf2 Bxh4 30. Bxh4 Rxh4 31. Rah1 Rxh2+ 32. Rxh2 Qg7 33. Nf3 Qd7
34. Ng5 h5 35. Qxe6+ Qxe6 36. Nxe6 Re8 37. d5 Nh6 38. Kf3 Re7 39. e4 Kf7 40.
Nd4 a6 41. e5 Ng4 42. Re2 Ke8 43. d6 Rd7 44. f5 gxf5 45. Nxf5 Rf7 46. Ke4 Kd7
47. Nd4 Rf8 48. Kd5 Nxe5 49. Rxe5 h4 50. Re7+ Kc8 51. Kc6 h3 52. Ne6 h2 53. d7+
Kb8 54. Rh7 1-0

[Event "Madrid 2019-2020 ch - Previa A"]
[Site "Madrid ESP"]
[Date "2020.02.11"]
[Round "5.31"]
[White "Martinez Carrasco, Jesus"]
[Black "Jara Sanchez, Carlos"]
[Result "1/2-1/2"]
[WhiteElo "1534"]
[BlackElo "1652"]
[PlyCount "48"]
[EventDate "2020.02.03"]
[EventType "swiss"]
[EventRounds "9"]
[EventCountry "ESP"]
[SourceTitle "Ajedrez en Madrid"]
[Source "lmi"]
[SourceDate "2020.02.03"]
[SourceVersion "1"]
[SourceVersionDate "2020.02.27"]
[SourceQuality "1"]

1. d4 Nf6 2. c4 e6 3. Nc3 Bb4 4. Qc2 c5 5. dxc5 Bxc5 6. e3 O-O 7. Nf3 Nc6 8. a3
a5 9. Bd3 h6 10. O-O d5 11. cxd5 exd5 12. h3 Qe7 13. Re1 Ne5 14. Nxe5 Qxe5 15.
Bd2 Be6 16. Ne2 Rac8 17. Bc3 Qg5 18. Ng3 d4 19. exd4 Bxd4 20. Ne4 Nxe4 21. Bxe4
Bxh3 22. Qd3 Bxc3 23. bxc3 Bg4 24. Bxb7 Rfd8 1/2-1/2

[Event "Madrid 2019-2020 ch - Previa A"]
[Site "Madrid ESP"]
[Date "2020.02.11"]
[Round "5.32"]
[White "Giron Herranz, Ivan"]
[Black "Martinez Martinez, Javier II"]
[Result "1-0"]
[WhiteElo "1341"]
[BlackElo "1595"]
[PlyCount "89"]
[EventDate "2020.02.03"]
[EventType "swiss"]
[EventRounds "9"]
[EventCountry "ESP"]
[SourceTitle "Ajedrez en Madrid"]
[Source "lmi"]
[SourceDate "2020.02.03"]
[SourceVersion "1"]
[SourceVersionDate "2020.02.27"]
[SourceQuality "1"]

1. f4 Nf6 2. Nf3 e6 3. e3 b6 4. Be2 Bb7 5. Nc3 Be7 6. O-O O-O 7. b3 c5 8. Ne5
d6 9. Bf3 Bxf3 10. Nxf3 Nc6 11. Bb2 e5 12. fxe5 dxe5 13. e4 a6 14. d3 Ra7 15.
Ne2 Ng4 16. Qd2 Rd7 17. h3 Nf6 18. Qc1 Bd6 19. Ng3 Re8 20. a3 Bf8 21. Qg5 Re6
22. Nxe5 Nxe5 23. Bxe5 Rxe5 24. Qxe5 Bd6 25. Qg5 h6 26. Qe3 Be5 27. Kh2 Ng4+
28. hxg4 Qh4+ 29. Kg1 Bd4 30. Nf5 Bxe3+ 31. Nxe3 Qg5 32. Rf3 g6 33. Raf1 b5 34.
Kf2 c4 35. bxc4 bxc4 36. Nd5 Rxd5 37. exd5 cxd3 38. Rxd3 Qxg4 39. d6 Qd7 40.
Re1 Qf5+ 41. Kg1 Qc5+ 42. Ree3 Qb6 43. d7 Qb1+ 44. Kh2 Qb8+ 45. Kh3 1-0

[Event "Madrid 2019-2020 ch - Previa A"]
[Site "Madrid ESP"]
[Date "2020.02.11"]
[Round "5.33"]
[White "Gonzalez Recas, Fernando"]
[Black "De Fuenmayor Fernandez de la, Carlos Pablo"]
[Result "1-0"]
[WhiteElo "1548"]
[BlackElo "1365"]
[PlyCount "91"]
[EventDate "2020.02.03"]
[EventType "swiss"]
[EventRounds "9"]
[EventCountry "ESP"]
[SourceTitle "Ajedrez en Madrid"]
[Source "lmi"]
[SourceDate "2020.02.03"]
[SourceVersion "1"]
[SourceVersionDate "2020.02.27"]
[SourceQuality "1"]

1. e4 e5 2. Nf3 Nc6 3. Bb5 Nf6 4. O-O Nxe4 5. Re1 Nd6 6. Nxe5 Be7 7. Ba4 Nxe5
8. Rxe5 O-O 9. d4 Nc4 10. Re1 d5 11. Nd2 Nxd2 12. Bxd2 b6 13. Qe2 Bg5 14. Bb4
c5 15. dxc5 Bd7 16. Bxd7 Qxd7 17. c6 Qxc6 18. Bxf8 Kxf8 19. Qd3 g6 20. c3 Be7
21. Rad1 Rd8 22. a3 Rd6 23. Re5 d4 24. c4 Bf6 25. Re4 Qc5 26. b4 Qg5 27. Rde1
h5 28. f4 Qg4 29. c5 bxc5 30. bxc5 Rc6 31. Qb5 Re6 32. Rxe6 fxe6 33. c6 Qxf4
34. Qc5+ Be7 35. Qxa7 Ke8 36. c7 Kd7 37. c8=Q+ Kxc8 38. Qxe7 e5 39. Qc5+ Kd7
40. Qxe5 Qd2 41. Qe2 Qc3 42. h3 d3 43. Qe7+ Kc6 44. Qe4+ Kc5 45. Qe3+ Qd4 46.
Kf2 1-0

[Event "Madrid 2019-2020 ch - Previa A"]
[Site "Madrid ESP"]
[Date "2020.02.11"]
[Round "5.34"]
[White "Casal Martin, Jose M"]
[Black "Loriente Del Real, Alberto"]
[Result "0-1"]
[WhiteElo "1473"]
[BlackElo "1288"]
[PlyCount "40"]
[EventDate "2020.02.03"]
[EventType "swiss"]
[EventRounds "9"]
[EventCountry "ESP"]
[SourceTitle "Ajedrez en Madrid"]
[Source "lmi"]
[SourceDate "2020.02.03"]
[SourceVersion "1"]
[SourceVersionDate "2020.02.27"]
[SourceQuality "1"]

1. e4 c5 2. Nf3 Nc6 3. Nc3 d6 4. d4 cxd4 5. Nxd4 e5 6. Ndb5 a6 7. Na3 Nf6 8.
Bg5 Be7 9. Bxf6 Bxf6 10. Nd5 O-O 11. c3 Be6 12. Nxf6+ Qxf6 13. g3 Qg6 14. Bg2
f5 15. exf5 Rxf5 16. Be4 Raf8 17. Bxf5 Qxf5 18. O-O e4 19. Qd2 Ne5 20. Qe2 Nf3+
0-1

[Event "Madrid 2019-2020 ch - Previa A"]
[Site "Madrid ESP"]
[Date "2020.02.11"]
[Round "5.35"]
[White "Arevillca Colque, Jonatan"]
[Black "Fernandez Sanchez, Jose M."]
[Result "0-1"]
[WhiteElo "1004"]
[BlackElo "1128"]
[PlyCount "116"]
[EventDate "2020.02.03"]
[EventType "swiss"]
[EventRounds "9"]
[EventCountry "ESP"]
[SourceTitle "Ajedrez en Madrid"]
[Source "lmi"]
[SourceDate "2020.02.03"]
[SourceVersion "1"]
[SourceVersionDate "2020.02.27"]
[SourceQuality "1"]

1. e4 e5 2. Nf3 Nf6 3. Nxe5 d6 4. Nf3 Nxe4 5. Nc3 Bf5 6. Nxe4 Bxe4 7. Qe2 Qe7
8. d3 Bxf3 9. Qxe7+ Bxe7 10. gxf3 Nc6 11. c3 Ne5 12. Be2 O-O-O 13. d4 Nd7 14.
f4 f5 15. b4 d5 16. Bb2 Rhe8 17. O-O-O Bd6 18. Bf3 Bxf4+ 19. Kb1 Nb6 20. Bc1
Bxc1 21. Kxc1 Nc4 22. a4 g5 23. Bh5 Re7 24. Rde1 Rxe1+ 25. Rxe1 Kd7 26. Be2 Re8
27. a5 a6 28. Kd1 g4 29. Bxc4 Rxe1+ 30. Kxe1 dxc4 31. Ke2 f4 32. f3 h5 33. Kf2
Ke6 34. Kg2 Kf5 35. Kf2 Kg5 36. Kg2 Kh4 37. d5 gxf3+ 38. Kxf3 Kh3 39. Kxf4 h4
40. Kf3 Kxh2 41. Kf2 Kh3 42. Kf3 Kh2 43. Kf2 h3 44. Kf1 Kg3 45. Kg1 Kf3 46. Kh2
Ke3 47. Kxh3 Kd3 48. Kg4 Kxc3 49. Kf5 Kd4 50. Ke6 c3 51. d6 cxd6 52. Kxd6 c2
53. Kc7 c1=Q+ 54. Kxb7 Qf1 55. Ka7 Qb5 56. Ka8 Kd5 57. Ka7 Kc6 58. Ka8 Qb7# 0-1

[Event "Madrid 2019-2020 ch - Previa A"]
[Site "Madrid ESP"]
[Date "2020.02.12"]
[Round "6.2"]
[White "Ciuro Munoz, Ricardo"]
[Black "Hernandez Recio, Roberto"]
[Result "1/2-1/2"]
[WhiteElo "1953"]
[BlackElo "1845"]
[PlyCount "33"]
[EventDate "2020.02.03"]
[EventType "swiss"]
[EventRounds "9"]
[EventCountry "ESP"]
[SourceTitle "Ajedrez en Madrid"]
[Source "lmi"]
[SourceDate "2020.02.03"]
[SourceVersion "1"]
[SourceVersionDate "2020.02.27"]
[SourceQuality "1"]

1. e4 c5 2. Nf3 g6 3. d3 Bg7 4. g3 Nc6 5. Bg2 Nf6 6. O-O O-O 7. Nbd2 d5 8. c3
dxe4 9. dxe4 Ng4 10. Nc4 Qxd1 11. Rxd1 Be6 12. Ne3 Rad8 13. Re1 h6 14. Nxg4
Bxg4 15. Be3 b6 16. h3 Be6 17. Bf1 1/2-1/2

[Event "Madrid 2019-2020 ch - Previa A"]
[Site "Madrid ESP"]
[Date "2020.02.12"]
[Round "6.3"]
[White "Cardena Contreras, Javier"]
[Black "Yeves Miquel, Enrique"]
[Result "1/2-1/2"]
[WhiteElo "1887"]
[BlackElo "1777"]
[PlyCount "54"]
[EventDate "2020.02.03"]
[EventType "swiss"]
[EventRounds "9"]
[EventCountry "ESP"]
[SourceTitle "Ajedrez en Madrid"]
[Source "lmi"]
[SourceDate "2020.02.03"]
[SourceVersion "1"]
[SourceVersionDate "2020.02.27"]
[SourceQuality "1"]

1. e4 c5 2. Nf3 e6 3. d4 cxd4 4. Nxd4 a6 5. Nc3 Qc7 6. Be3 Nf6 7. Be2 Nc6 8.
O-O Bb4 9. Nxc6 bxc6 10. Na4 Be7 11. Nb6 Rb8 12. Nxc8 Qxc8 13. Bd4 c5 14. Be5
Rb6 15. Qd3 d6 16. Bc3 O-O 17. f4 d5 18. Bxf6 dxe4 19. Qxe4 Bxf6 20. Bd3 g6 21.
Rab1 Rxb2 22. Rxb2 Bxb2 23. Rb1 Bd4+ 24. Kh1 Qa8 25. Rb7 a5 26. Qc6 Qd8 27. Qe4
Qf6 1/2-1/2

[Event "Madrid 2019-2020 ch - Previa A"]
[Site "Madrid ESP"]
[Date "2020.02.12"]
[Round "6.4"]
[White "Moreno Uribarri, Miguel"]
[Black "Garcia Prados, David"]
[Result "1-0"]
[WhiteElo "1802"]
[BlackElo "1872"]
[PlyCount "45"]
[EventDate "2020.02.03"]
[EventType "swiss"]
[EventRounds "9"]
[EventCountry "ESP"]
[SourceTitle "Ajedrez en Madrid"]
[Source "lmi"]
[SourceDate "2020.02.03"]
[SourceVersion "1"]
[SourceVersionDate "2020.02.27"]
[SourceQuality "1"]

1. e4 c5 2. Nf3 Nc6 3. d4 cxd4 4. Nxd4 Nf6 5. Nc3 e5 6. Ndb5 d6 7. Bg5 a6 8.
Na3 Be7 9. Nc4 O-O 10. Bxf6 gxf6 11. Ne3 Be6 12. Be2 Nd4 13. Bg4 Qd7 14. Ncd5
Rae8 15. c3 Nc6 16. Qf3 Qd8 17. Qh3 Kh8 18. Bxe6 fxe6 19. Qxe6 f5 20. Nxf5 Rf6
21. Nxf6 Bxf6 22. Qxd6 Qxd6 23. Nxd6 1-0

[Event "Madrid 2019-2020 ch - Previa A"]
[Site "Madrid ESP"]
[Date "2020.02.12"]
[Round "6.5"]
[White "Vazquez Gonzalez, Jesus"]
[Black "Lozano Sanchez, Jose Antonio"]
[Result "1-0"]
[WhiteElo "1983"]
[BlackElo "1832"]
[PlyCount "71"]
[EventDate "2020.02.03"]
[EventType "swiss"]
[EventRounds "9"]
[EventCountry "ESP"]
[SourceTitle "Ajedrez en Madrid"]
[Source "lmi"]
[SourceDate "2020.02.03"]
[SourceVersion "1"]
[SourceVersionDate "2020.02.27"]
[SourceQuality "1"]

1. e4 e5 2. Nf3 Nc6 3. Bc4 d6 4. h3 Be7 5. O-O Be6 6. Bxe6 fxe6 7. Re1 Nf6 8.
c3 O-O 9. Qb3 Qc8 10. d4 exd4 11. cxd4 Na5 12. Qa4 Nc6 13. Qb3 Na5 14. Qb5 b6
15. b4 a6 16. Qd3 Nb7 17. Nc3 c5 18. bxc5 bxc5 19. e5 c4 20. Qc2 Nd5 21. exd6
Bxd6 22. Ng5 Nf6 23. Nce4 g6 24. Nxd6 Nxd6 25. Ba3 Nfe8 26. Rxe6 Rf5 27. Bxd6
Nxd6 28. Rae1 Rxg5 29. Rxd6 Qxh3 30. Qxc4+ Kg7 31. Qc6 Ra7 32. Re5 Rg4 33. Re3
Qh4 34. Rd7+ Rxd7 35. Qxd7+ Kh6 36. Re7 1-0

[Event "Madrid 2019-2020 ch - Previa A"]
[Site "Madrid ESP"]
[Date "2020.02.12"]
[Round "6.6"]
[White "Camarero Izquierdo, Juan Carlos"]
[Black "Esteban Amo, Jose M."]
[Result "1-0"]
[WhiteElo "1828"]
[BlackElo "1932"]
[PlyCount "35"]
[EventDate "2020.02.03"]
[EventType "swiss"]
[EventRounds "9"]
[EventCountry "ESP"]
[SourceTitle "Ajedrez en Madrid"]
[Source "lmi"]
[SourceDate "2020.02.03"]
[SourceVersion "1"]
[SourceVersionDate "2020.02.27"]
[SourceQuality "1"]

1. d4 f5 2. Nc3 Nf6 3. Bg5 d5 4. Bxf6 exf6 5. Qd3 c6 6. f3 Bb4 7. e4 fxe4 8.
fxe4 dxe4 9. Qg3 O-O 10. O-O-O Be6 11. Kb1 Qa5 12. Nge2 b5 13. d5 cxd5 14. Nd4
Bd7 15. Nxd5 Nc6 16. Qb3 Nxd4 17. Rxd4 Bc5 18. Nc3+ 1-0

[Event "Madrid 2019-2020 ch - Previa A"]
[Site "Madrid ESP"]
[Date "2020.02.12"]
[Round "6.7"]
[White "Rodriguez Diaz, Alberto Jose"]
[Black "Corral Aragon, Juan Maria"]
[Result "1-0"]
[WhiteElo "1910"]
[BlackElo "1766"]
[PlyCount "79"]
[EventDate "2020.02.03"]
[EventType "swiss"]
[EventRounds "9"]
[EventCountry "ESP"]
[SourceTitle "Ajedrez en Madrid"]
[Source "lmi"]
[SourceDate "2020.02.03"]
[SourceVersion "1"]
[SourceVersionDate "2020.02.27"]
[SourceQuality "1"]

1. e4 c6 2. Nc3 d5 3. Nf3 d4 4. Ne2 c5 5. Ng3 e6 6. Bb5+ Bd7 7. Bxd7+ Nxd7 8.
d3 Be7 9. c4 h5 10. h4 Ngf6 11. Bf4 Qa5+ 12. Qd2 Qxd2+ 13. Bxd2 Ng4 14. Nh2
Ndf6 15. Nxg4 Nxg4 16. f3 Bd6 17. Nxh5 Rxh5 18. fxg4 Rxh4 19. Rxh4 Bg3+ 20. Ke2
Bxh4 21. Rh1 Be7 22. Rh8+ Bf8 23. b4 O-O-O 24. b5 Bd6 25. Rh7 Rg8 26. Kf3 b6
27. g5 Kd7 28. Kg4 Ke8 29. a4 e5 30. Kf5 Ke7 31. g6 f6 32. Bh6 Kf8 33. Ke6 gxh6
34. Kxf6 Ke8 35. Rxa7 Bb8 36. Re7+ Kd8 37. g7 h5 38. Rb7 Bc7 39. Rxc7 Kxc7 40.
Kf7 1-0

[Event "Madrid 2019-2020 ch - Previa A"]
[Site "Madrid ESP"]
[Date "2020.02.12"]
[Round "6.8"]
[White "Fernandez Rios, Jose Francisco"]
[Black "Baeza Escudero, Javier"]
[Result "0-1"]
[WhiteElo "1794"]
[BlackElo "1884"]
[PlyCount "69"]
[EventDate "2020.02.03"]
[EventType "swiss"]
[EventRounds "9"]
[EventCountry "ESP"]
[SourceTitle "Ajedrez en Madrid"]
[Source "lmi"]
[SourceDate "2020.02.03"]
[SourceVersion "1"]
[SourceVersionDate "2020.02.27"]
[SourceQuality "1"]

1. d4 Nf6 2. c4 g6 3. Nc3 Bg7 4. e4 d6 5. Be2 O-O 6. Nf3 e5 7. d5 a5 8. Bg5 h6
9. Bh4 Na6 10. Nd2 Qe8 11. O-O Nh7 12. b3 Bd7 13. a3 b6 14. Rb1 f5 15. f3 g5
16. Bf2 f4 17. b4 axb4 18. axb4 h5 19. c5 bxc5 20. Bxa6 Rxa6 21. bxc5 g4 22. c6
Bc8 23. Nb5 Qd8 24. Qe2 Bf6 25. Ra1 Bh4 26. Bxh4 Qxh4 27. Nxc7 Rxa1 28. Rxa1
Ng5 29. Nf1 gxf3 30. gxf3 Nh3+ 31. Kg2 Kh8 32. Ne6 Rg8+ 33. Ng3 fxg3 34. hxg3
Rxg3+ 35. Kh1 0-1

[Event "Madrid 2019-2020 ch - Previa A"]
[Site "Madrid ESP"]
[Date "2020.02.12"]
[Round "6.9"]
[White "Pinel Mirasierra, Jose Pablo"]
[Black "Fernandez Garcia, Ignacio"]
[Result "0-1"]
[WhiteElo "1966"]
[BlackElo "1755"]
[PlyCount "61"]
[EventDate "2020.02.03"]
[EventType "swiss"]
[EventRounds "9"]
[EventCountry "ESP"]
[SourceTitle "Ajedrez en Madrid"]
[Source "lmi"]
[SourceDate "2020.02.03"]
[SourceVersion "1"]
[SourceVersionDate "2020.02.27"]
[SourceQuality "1"]

1. d4 Nf6 2. c4 c5 3. Nf3 cxd4 4. Nxd4 Nc6 5. g3 g6 6. Bg2 Bg7 7. O-O O-O 8.
Nc3 a6 9. Nc2 d6 10. e4 Ng4 11. Bd2 Rb8 12. h3 Nge5 13. Qe2 b5 14. cxb5 axb5
15. Nxb5 Ba6 16. a4 Na7 17. Nca3 Nec6 18. Bc3 Nd4 19. Bxd4 Bxd4 20. Rfd1 Bc5
21. Qc2 Rc8 22. Qd2 Nc6 23. Nc2 Ne5 24. b3 Bxb5 25. axb5 Qd7 26. Qe2 Rb8 27.
Nd4 Bxd4 28. Rxd4 Qxb5 29. Qxb5 Rxb5 30. f4 Nc6 31. Rc4 0-1

[Event "Madrid 2019-2020 ch - Previa A"]
[Site "Madrid ESP"]
[Date "2020.02.12"]
[Round "6.10"]
[White "Gil Sierra, Jacinto"]
[Black "Maseda Iglesias, Luis"]
[Result "1/2-1/2"]
[WhiteElo "1945"]
[BlackElo "1735"]
[PlyCount "125"]
[EventDate "2020.02.03"]
[EventType "swiss"]
[EventRounds "9"]
[EventCountry "ESP"]
[SourceTitle "Ajedrez en Madrid"]
[Source "lmi"]
[SourceDate "2020.02.03"]
[SourceVersion "1"]
[SourceVersionDate "2020.02.27"]
[SourceQuality "1"]

1. e4 d6 2. d4 Nf6 3. Bd3 Nbd7 4. Nf3 e5 5. c3 Be7 6. O-O c6 7. Re1 Qc7 8. a4
a5 9. Qb3 h6 10. Na3 O-O 11. Nc4 Re8 12. dxe5 dxe5 13. Be3 Nc5 14. Qc2 Nxd3 15.
Qxd3 Nd7 16. Rad1 Nc5 17. Qc2 f6 18. Nfd2 Be6 19. b3 Red8 20. Nb2 Rd7 21. Ndc4
Rad8 22. Bxc5 Bxc5 23. Rxd7 Rxd7 24. Rd1 b5 25. Rxd7 Bxd7 26. Nd2 Qa7 27. Nd3
Be7 28. Kf1 Be6 29. h3 Kf7 30. Nb2 Qc5 31. c4 b4 32. Qd3 g6 33. g4 Kg7 34. Ke2
Kf7 35. Nf1 Qd4 36. Qxd4 exd4 37. f4 g5 38. f5 Bd7 39. Nd3 Bf8 40. e5 fxe5 41.
Nxe5+ Ke7 42. Kd3 c5 43. Nxd7 Kxd7 44. Ke4 Kd6 45. Nd2 Bg7 46. Nf3 Bf6 47. Kd3
Bg7 48. h4 Bf6 49. hxg5 hxg5 50. Ke4 Be7 51. Ng1 Bf6 52. Ne2 Be7 53. Ng3 Bd8
54. Nh5 Be7 55. Ng7 Bf6 56. Ne8+ Ke7 57. Nc7 Kd6 58. Nd5 Bd8 59. Kf3 Ke5 60.
Ke2 Bf6 61. Kf2 Bd8 62. Kf3 Bf6 63. Ke2 1/2-1/2

[Event "Madrid 2019-2020 ch - Previa A"]
[Site "Madrid ESP"]
[Date "2020.02.12"]
[Round "6.11"]
[White "Lopez Heras, Arturo"]
[Black "Marcos Herrero, Francisco"]
[Result "1-0"]
[WhiteElo "1719"]
[BlackElo "1883"]
[PlyCount "59"]
[EventDate "2020.02.03"]
[EventType "swiss"]
[EventRounds "9"]
[EventCountry "ESP"]
[SourceTitle "Ajedrez en Madrid"]
[Source "lmi"]
[SourceDate "2020.02.03"]
[SourceVersion "1"]
[SourceVersionDate "2020.02.27"]
[SourceQuality "1"]

1. e4 c5 2. Nf3 Nc6 3. d4 cxd4 4. Nxd4 g6 5. c4 Nf6 6. Nc3 d6 7. Be2 Nxd4 8.
Qxd4 Bg7 9. Bg5 O-O 10. Qd2 a5 11. O-O a4 12. a3 Be6 13. Rac1 Nd7 14. f4 Nc5
15. Qe3 Rc8 16. f5 Nb3 17. Rcd1 Bxc4 18. Bxc4 Rxc4 19. Nd5 Re8 20. f6 exf6 21.
Bxf6 Qb8 22. Bxg7 Kxg7 23. Qf3 Qa7+ 24. Kh1 b5 25. Qf6+ Kg8 26. Qxd6 Re6 27.
Qd8+ Kg7 28. Nf6 Rxf6 29. Qxf6+ Kh6 30. Rf3 1-0

[Event "Madrid 2019-2020 ch - Previa A"]
[Site "Madrid ESP"]
[Date "2020.02.12"]
[Round "6.12"]
[White "Pashov, Spas Nikolov"]
[Black "Hernandez Garcia, Carlos"]
[Result "0-1"]
[WhiteElo "1837"]
[BlackElo "1679"]
[PlyCount "106"]
[EventDate "2020.02.03"]
[EventType "swiss"]
[EventRounds "9"]
[EventCountry "ESP"]
[SourceTitle "Ajedrez en Madrid"]
[Source "lmi"]
[SourceDate "2020.02.03"]
[SourceVersion "1"]
[SourceVersionDate "2020.02.27"]
[SourceQuality "1"]

1. e4 c5 2. Nf3 d6 3. d4 cxd4 4. Nxd4 Nf6 5. Nc3 a6 6. Be2 e5 7. Nb3 Be7 8. O-O
Be6 9. f4 Qc7 10. f5 Bc4 11. Be3 O-O 12. Bxc4 Qxc4 13. Qf3 Nbd7 14. Rfe1 b5 15.
a3 a5 16. Nd2 Qc6 17. Rec1 b4 18. Nd5 Nxd5 19. exd5 Qb7 20. c4 bxc3 21. bxc3
Nf6 22. c4 a4 23. Rab1 Qd7 24. Rb5 Rfb8 25. Rcb1 Qc8 26. h3 Rxb5 27. Rxb5 Bd8
28. Bb6 Bxb6+ 29. Rxb6 Qc5+ 30. Qf2 Qxa3 31. Nb1 Qc5 32. Qxc5 dxc5 33. Kf2 Kf8
34. Na3 Nd7 35. Rb7 Ke8 36. g4 f6 37. h4 Kd8 38. g5 Rb8 39. Ra7 Rb2+ 40. Ke1
Rb4 41. Kd2 fxg5 42. hxg5 h5 43. f6 g6 44. f7 Nf8 45. d6 Rb8 46. Re7 Rc8 47.
Rxe5 Kd7 48. Nb5 Ne6 49. Re3 Rf8 50. Ra3 Nxg5 51. Rxa4 Rxf7 52. Ra7+ Ke6 53.
Rxf7 Nxf7 0-1

[Event "Madrid 2019-2020 ch - Previa A"]
[Site "Madrid ESP"]
[Date "2020.02.12"]
[Round "6.13"]
[White "Garcia Sanz, Eduardo"]
[Black "Giron Herranz, Juan"]
[Result "1-0"]
[WhiteElo "1832"]
[BlackElo "1580"]
[PlyCount "93"]
[EventDate "2020.02.03"]
[EventType "swiss"]
[EventRounds "9"]
[EventCountry "ESP"]
[SourceTitle "Ajedrez en Madrid"]
[Source "lmi"]
[SourceDate "2020.02.03"]
[SourceVersion "1"]
[SourceVersionDate "2020.02.27"]
[SourceQuality "1"]

1. c4 Nf6 2. Nc3 g6 3. g3 Bg7 4. Bg2 d6 5. e4 O-O 6. Nge2 Nbd7 7. O-O c6 8. h3
e5 9. d3 Nb6 10. Be3 Be6 11. f4 exf4 12. Nxf4 Nfd7 13. Nxe6 fxe6 14. Qg4 Rxf1+
15. Rxf1 Qe8 16. Qh4 Ne5 17. Bh6 Bxh6 18. Qxh6 Qe7 19. d4 Nexc4 20. b3 Na3 21.
h4 Qg7 22. Qd2 Rf8 23. Bh3 Rxf1+ 24. Kxf1 Qf6+ 25. Kg2 Kg7 26. Ne2 Nb5 27. Nf4
Nc7 28. a4 e5 29. Ne2 Ne6 30. a5 Na8 31. Qb4 b6 32. Qxd6 Nxd4 33. Qd7+ Qf7 34.
Nxd4 Qxd7 35. Bxd7 exd4 36. Bxc6 Nc7 37. axb6 axb6 38. e5 Kf7 39. Kf3 Ke6 40.
Kf4 d3 41. Bf3 Nd5+ 42. Ke4 d2 43. Bg4+ Ke7 44. Kxd5 h5 45. Be2 b5 46. b4 Kf7
47. Kd6 1-0

[Event "Madrid 2019-2020 ch - Previa A"]
[Site "Madrid ESP"]
[Date "2020.02.12"]
[Round "6.14"]
[White "Villodre Miranda, Juan Alonso"]
[Black "Jimenez Gonzalez, Marcos"]
[Result "1/2-1/2"]
[WhiteElo "1582"]
[BlackElo "1811"]
[PlyCount "62"]
[EventDate "2020.02.03"]
[EventType "swiss"]
[EventRounds "9"]
[EventCountry "ESP"]
[SourceTitle "Ajedrez en Madrid"]
[Source "lmi"]
[SourceDate "2020.02.03"]
[SourceVersion "1"]
[SourceVersionDate "2020.02.27"]
[SourceQuality "1"]

1. c4 e6 2. e4 d5 3. cxd5 exd5 4. exd5 Nf6 5. Nc3 Nxd5 6. Qa4+ Nc6 7. Qe4+ Qe7
8. Qxe7+ Ncxe7 9. Bc4 c6 10. a3 Nxc3 11. dxc3 Nd5 12. Nf3 Nb6 13. Bb3 Be7 14.
O-O O-O 15. Re1 Bf6 16. Bg5 Bxg5 17. Nxg5 Bf5 18. Rad1 h6 19. Ne4 Bxe4 20. Rxe4
Rad8 21. Red4 Rxd4 22. Rxd4 Re8 23. Kf1 g6 24. Rd6 Kg7 25. f3 Re7 26. Rd2 c5
27. c4 Na8 28. Kf2 Nc7 29. Ba2 Ne6 30. b4 b6 31. Bb3 Nd4 1/2-1/2

[Event "Madrid 2019-2020 ch - Previa A"]
[Site "Madrid ESP"]
[Date "2020.02.12"]
[Round "6.15"]
[White "Roldan Garcia, Angel"]
[Black "Faggiano, Alessandro"]
[Result "1-0"]
[WhiteElo "1809"]
[BlackElo "1282"]
[PlyCount "43"]
[EventDate "2020.02.03"]
[EventType "swiss"]
[EventRounds "9"]
[EventCountry "ESP"]
[SourceTitle "Ajedrez en Madrid"]
[Source "lmi"]
[SourceDate "2020.02.03"]
[SourceVersion "1"]
[SourceVersionDate "2020.02.27"]
[SourceQuality "1"]

1. e4 c5 2. c3 Nc6 3. d4 cxd4 4. cxd4 d5 5. Nc3 e6 6. e5 Qb6 7. Nf3 Nge7 8. Bd3
Bd7 9. Na4 Qc7 10. O-O g6 11. Bg5 Nf5 12. Bf6 Bg7 13. Bxg7 Nxg7 14. Rc1 O-O 15.
Nc5 a6 16. Qd2 Nf5 17. Bxf5 exf5 18. Qh6 Bc8 19. Ng5 f6 20. Qxf8+ Kxf8 21.
Nce6+ Bxe6 22. Nxe6+ 1-0

[Event "Madrid 2019-2020 ch - Previa A"]
[Site "Madrid ESP"]
[Date "2020.02.12"]
[Round "6.16"]
[White "Bellagamba, Pascal"]
[Black "Cabañas Bravo, Juan Andres"]
[Result "0-1"]
[WhiteElo "1612"]
[BlackElo "1981"]
[PlyCount "66"]
[EventDate "2020.02.03"]
[EventType "swiss"]
[EventRounds "9"]
[EventCountry "ESP"]
[SourceTitle "Ajedrez en Madrid"]
[Source "lmi"]
[SourceDate "2020.02.03"]
[SourceVersion "1"]
[SourceVersionDate "2020.02.27"]
[SourceQuality "1"]

1. e4 e5 2. Nc3 Nf6 3. Bc4 Bc5 4. d3 Nc6 5. a4 d6 6. h3 h6 7. Nf3 Ne7 8. Qe2 c6
9. Bd2 Ng6 10. O-O O-O 11. Rad1 Qe7 12. Ra1 Nh5 13. Kh2 Nhf4 14. Bxf4 Nxf4 15.
Qd2 Qf6 16. Ne2 Nxh3 17. gxh3 Qxf3 18. Ng3 Be6 19. Rae1 a6 20. c3 Rad8 21. Re2
d5 22. exd5 cxd5 23. Ba2 e4 24. d4 Bd6 25. Rg1 Bf4 26. Qe1 h5 27. Re3 Bxe3 28.
fxe3 h4 29. Bb3 hxg3+ 30. Rxg3 Qh5 31. Bd1 Qh6 32. Qg1 Rd6 33. Rg5 Qxh3# 0-1

[Event "Madrid 2019-2020 ch - Previa A"]
[Site "Madrid ESP"]
[Date "2020.02.12"]
[Round "6.17"]
[White "Ruiz Quevedo, Andres"]
[Black "Martin-Buitrago Lopez, Antonio"]
[Result "1-0"]
[WhiteElo "1898"]
[BlackElo "1641"]
[PlyCount "47"]
[EventDate "2020.02.03"]
[EventType "swiss"]
[EventRounds "9"]
[EventCountry "ESP"]
[SourceTitle "Ajedrez en Madrid"]
[Source "lmi"]
[SourceDate "2020.02.03"]
[SourceVersion "1"]
[SourceVersionDate "2020.02.27"]
[SourceQuality "1"]

1. Nf3 d5 2. g3 g6 3. Bg2 Bg7 4. c4 c6 5. O-O Bg4 6. d3 e5 7. Qb3 Qd7 8. Nc3
Ne7 9. Bg5 d4 10. Ne4 Bxf3 11. Bxf3 Na6 12. Nf6+ Bxf6 13. Bxf6 O-O-O 14. Qa3
Rhe8 15. b4 Qd6 16. Bxe7 Qxe7 17. Bxc6 Rf8 18. Rab1 Nc7 19. Bg2 f5 20. Qxa7 e4
21. b5 Rf6 22. c5 Rd5 23. c6 bxc6 24. b6 1-0